logo

Bir Sreshtho Munshi Abdur Rouf Library
Jhenaidah Cadet College

Theories of surplus value / (Record no. 8535)

MARC details
000 -LEADER
fixed length control field 00911cam a2200301 a 4500
001 - CONTROL NUMBER
JCCL Control Number 8535
003 - CONTROL NUMBER IDENTIFIER
JCCL marc code BD-JhCC
005 - DATE AND TIME OF LATEST TRANSACTION
control field 20180325081411.0
008 - FIXED-LENGTH DATA ELEMENTS--GENERAL INFORMATION
fixed length control field 700629s1969 enkf 001 0 eng
020 ## - INTERNATIONAL STANDARD BOOK NUMBER
International Standard Book Number 0853152128
020 ## - INTERNATIONAL STANDARD BOOK NUMBER
International Standard Book Number 0853151946
035 ## - SYSTEM CONTROL NUMBER
system control number (BD-JhCC)8535
035 ## - SYSTEM CONTROL NUMBER
system control number 684582
040 ## - CATALOGING SOURCE
Original cataloging agency LC
Transcribing agency LC
Modifying agency BD-JhCC
041 1# - LANGUAGE CODE
Language code of Book engger
050 00 - LIBRARY OF CONGRESS CALL NUMBER
Classification number HB203
Item number .M318
082 04 - DEWEY DECIMAL CLASSIFICATION NUMBER
Classification number 330.1/62
Author mark and Year MAR 1969
100 1# - MAIN ENTRY--PERSONAL NAME
Personal name Marx, Karl,
Dates associated with a name 1818-1883.
245 10 - TITLE STATEMENT
Title Theories of surplus value /
Statement of responsibility, etc [by] Karl Marx; [edited by S. Ryazanskaya, translated by Renate Simpson].
260 ## - PUBLICATION, DISTRIBUTION, ETC. (IMPRINT)
Place of publication, distribution, etc London,
Name of publisher, distributor, etc Lawrence & Wishart,
Date of publication, distribution, etc 1969.
300 ## - PHYSICAL DESCRIPTION
Pagination 2 v.
Other physical details plates.
Dimensions 23 cm.
500 ## - GENERAL NOTE
General note Translation of Theorien uber den Mehrwert.
500 ## - GENERAL NOTE
General note Originally published, Moscow, Progress Publishers, 1963-1968.
650 #0 - SUBJECT ADDED ENTRY--TOPICAL TERM
Topical term or geographic name as entry element Surplus value
General subdivision History.
650 #0 - SUBJECT ADDED ENTRY--TOPICAL TERM
Topical term or geographic name as entry element Economics
General subdivision History.
942 ## - ADDED ENTRY ELEMENTS (KOHA)
Source of classification or shelving scheme Dewey Decimal Classification
Koha item type Books
Holdings
Source of classification or shelving scheme Damaged status Not for loan Home library Current library Shelving location Total Checkouts Full call number Barcode Date last seen Copy number Koha item type Date of accession
Dewey Decimal Classification     JCC Rouf Library JCC Rouf Library General Stacks   330.1/62 MAR 1969 11270 02/26/2018 C - 1 Books  
Dewey Decimal Classification     JCC Rouf Library JCC Rouf Library General Stacks   330.1/62 MAR 1969 11373 03/05/2018 C - 2 Books  
Dewey Decimal Classification     JCC Rouf Library JCC Rouf Library General Stacks   330.1/62 MAR 1969 11209 03/25/2018 C-3 Books 03/25/2018

JCC Library | Contacts | JCC Home

Last Update on 23 September 2017
Copyright @ 2017-2020 JCC Rouf Library
Rouf Library, Jhenidah Cadet College (JCC), Bangladesh